The lord of the panther-skin /

Gardado en:
Detalles Bibliográficos
Autor Principal: Rustaveli, Shota, 12th/13th cent
Formato: Libro
Idioma:English
Publicado: Albany : State University of New York Press, 1977.
Edición:1st ed.
Series:UNESCO collection of representative works : Series of translations from the literatures of the Union of Soviet Socialist Republics
Subjects:
LEADER 01436nam a2200313 i 4500
001 c000136171
003 CARM
005 00000000000000.0
008 760420s1977 nyu b 00010 eng
010 |a 76013225 //r943 
019 1 |a 172800  |5 LACONCORD2021 
020 |a 0873953207.  |a 0873953215  |b microfiche 
035 |a (OCoLC)2202402  |5 LACONCORD2021 
041 1 |a enggeo 
050 0 0 |a PK9169.R8  |b E5 1977 
082 0 0 |a 899/.96 
100 1 |a Rustaveli, Shota,  |d 12th/13th cent. 
240 1 0 |a Vep`xistqaosani.  |l English 
245 1 4 |a The lord of the panther-skin /  |c Shota Rustaveli ; translated by R. H. Stevenson. 
250 |a 1st ed. 
260 |a Albany :  |b State University of New York Press,  |c 1977. 
300 |a xxix, 240 p. ;  |c 24 cm. 
440 0 |a UNESCO collection of representative works : Series of translations from the literatures of the Union of Soviet Socialist Republics 
500 |a Translated from the Georgian of the epic which was probably based on a cycle of poems relating to the legendary hero, Tariel. cf. J. Karst. Litt. georg. chret. 1934, p. 130-133. 
504 |a Includes bibliographical references. 
650 0 |a Epic poetry, Russian  |x Translations into English. 
852 8 |b CARM  |h A2:AB18E0  |i C01971  |p 0087649  |f BK 
999 f f |i 51171e65-ce9d-52e1-9ec0-c76a71ca59e9  |s 87e2bd53-058f-53ab-ba63-e8c778a99609 
952 f f |p Can circulate  |a CAVAL  |b CAVAL  |c CAVAL  |d CARM 1 Store  |e C01971  |f A2:AB18E0  |h Other scheme  |i book  |m 0087649